<?xml version="1.0" encoding="UTF-8"?>
<record
    xmlns:xsi="http://www.w3.org/2001/XMLSchema-instance"
    xsi:schemaLocation="http://www.loc.gov/MARC21/slim http://www.loc.gov/standards/marcxml/schema/MARC21slim.xsd"
    xmlns="http://www.loc.gov/MARC21/slim">

  <leader>01676nam a22002897a 4500</leader>
  <controlfield tag="001">8082</controlfield>
  <controlfield tag="003">FISKH</controlfield>
  <controlfield tag="005">20250821162238.0</controlfield>
  <controlfield tag="008">250821b        cb ||||| |||| 00| 0 eng d</controlfield>
  <datafield tag="020" ind1=" " ind2=" ">
    <subfield code="a">9789995054793</subfield>
  </datafield>
  <datafield tag="040" ind1=" " ind2=" ">
    <subfield code="a">FISKH</subfield>
    <subfield code="b">khr</subfield>
    <subfield code="c">FISKH</subfield>
    <subfield code="d">FISKH</subfield>
  </datafield>
  <datafield tag="050" ind1=" " ind2=" ">
    <subfield code="a">PZ7</subfield>
  </datafield>
  <datafield tag="100" ind1=" " ind2=" ">
    <subfield code="a">Somanea, Meng</subfield>
  </datafield>
  <datafield tag="245" ind1=" " ind2=" ">
    <subfield code="a">&#x179A;&#x17C6;&#x1781;&#x17B6;&#x1793;&#x1798;&#x17C2;&#x1793; ! /</subfield>
    <subfield code="c">&#x1793;&#x17B7;&#x1796;&#x1793;&#x17D2;&#x1792;&#x178A;&#x17C4;&#x1799; &#x1798;&#x17C9;&#x17C1;&#x1784; &#x179F;&#x17BB;&#x1798;&#x1793;&#x17B6; , &#x1791;&#x17D2;&#x179A;&#x17B8; &#x179F;&#x1798;&#x17D2;&#x1795;&#x179F;&#x17D2;&#x179F; &#x1793;&#x17B7;&#x1784; &#x1787;&#x17D2;&#x179A;&#x17B8;&#x1798; &#x17A0;&#x17BB;&#x1780;&#x179F;&#x17D2;&#x179A;&#x17BB;&#x17B7;&#x1793; </subfield>
  </datafield>
  <datafield tag="260" ind1=" " ind2=" ">
    <subfield code="a">Phnom Penh : </subfield>
    <subfield code="b">&#x1782;&#x17D2;&#x179A;&#x17BA;&#x17C7;&#x179F;&#x17D2;&#x1790;&#x17B6;&#x1793;&#x1794;&#x17C4;&#x17C7;&#x1796;&#x17BB;&#x1798;&#x17D2;&#x1796;&#x1795;&#x17D2;&#x179F;&#x17B6;&#x1799;Sipar , </subfield>
    <subfield code="c">2011.</subfield>
  </datafield>
  <datafield tag="300" ind1=" " ind2=" ">
    <subfield code="a">20 pages : </subfield>
    <subfield code="b">color illustrations ;</subfield>
    <subfield code="c">24 cm . </subfield>
  </datafield>
  <datafield tag="505" ind1=" " ind2=" ">
    <subfield code="a">J 
</subfield>
  </datafield>
  <datafield tag="520" ind1=" " ind2=" ">
    <subfield code="a"> &#x179C;&#x17B8;&#x179C;&#x17B8;&#x1785;&#x17BC;&#x179B;&#x1785;&#x17B7;&#x178F;&#x17D2;&#x178F;&#x1786;&#x17D2;&#x1784;&#x179B;&#x17CB; &#x1793;&#x17B7;&#x1784;&#x1785;&#x1784;&#x17CB;&#x178A;&#x17B9;&#x1784;&#x1782;&#x17D2;&#x179A;&#x1794;&#x17CB;&#x179A;&#x17BF;&#x1784;&#x17D4; &#x1790;&#x17D2;&#x1784;&#x17C3;&#x1798;&#x17BD;&#x1799; &#x179C;&#x17B8;&#x179C;&#x17B8;&#x179F;&#x17BD;&#x179A;&#x1794;&#x1784;&#x179F;&#x17D2;&#x179A;&#x17B8;&#x1796;&#x17C1;&#x179B;&#x1782;&#x17B6;&#x178F;&#x17CB;&#x1782;&#x17BC;&#x179A;&#x179A;&#x17BC;&#x1794;&#x17D4; &#x1794;&#x1784;&#x179F;&#x17D2;&#x179A;&#x17B8;&#x179C;&#x17B8;&#x179C;&#x17B8;&#x1790;&#x17B6;&#x17D6; &#xAB;&#x179A;&#x17C6;&#x1781;&#x17B6;&#x1793;&#x178E;&#x17B6;&#x179F;&#x17CB;!&#xBB;

&#xAB;&#x179A;&#x17C6;&#x1781;&#x17B6;&#x1793;? &#x179A;&#x17C6;&#x1781;&#x17B6;&#x1793;&#x17A0;&#x17D2;&#x1793;&#x17B9;&#x1784;&#x179F;&#x17D2;&#x17A2;&#x17B8;&#x1782;&#x17C1;&#x1791;&#x17C5;?&#xBB; &#x179C;&#x17B8;&#x179C;&#x17B8;&#x179F;&#x17BD;&#x179A;&#x1782;&#x17C1;&#x179F;&#x17BD;&#x179A;&#x17AF;&#x1784; &#x1793;&#x17B7;&#x1784;&#x179A;&#x17C6;&#x1781;&#x17B6;&#x1793;&#x1782;&#x17C1;&#x1782;&#x17D2;&#x179A;&#x1794;&#x17CB;&#x1782;&#x17D2;&#x1793;&#x17B6;&#x17D4;</subfield>
  </datafield>
  <datafield tag="520" ind1=" " ind2=" ">
    <subfield code="a">Vivi is always curious about everything. One day, she asks her sister while she is drawing. Her sister said "What a disturbance!" "Disturbance! What does it mean?" Vivi asks everybody and disturbs them
</subfield>
  </datafield>
  <datafield tag="521" ind1="8" ind2=" ">
    <subfield code="a">500 
</subfield>
    <subfield code="b">Lexile estimate 
</subfield>
  </datafield>
  <datafield tag="521" ind1="8" ind2=" ">
    <subfield code="a">J 
</subfield>
    <subfield code="b">Raz-Plus 
</subfield>
  </datafield>
  <datafield tag="650" ind1=" " ind2=" ">
    <subfield code="a">&#x179A;&#x17C6;&#x1781;&#x17B6;&#x1793; </subfield>
    <subfield code="v">&#x179A;&#x17BF;&#x1784;&#x1793;&#x17B7;&#x1791;&#x17B6;&#x1793;&#x1780;&#x17BB;&#x1798;&#x17B6;&#x179A;</subfield>
  </datafield>
  <datafield tag="650" ind1=" " ind2=" ">
    <subfield code="a">Disturb</subfield>
    <subfield code="v">Children's tale</subfield>
  </datafield>
  <datafield tag="700" ind1=" " ind2=" ">
    <subfield code="a">Somphors, Try</subfield>
    <subfield code="e">Illustrator </subfield>
  </datafield>
  <datafield tag="942" ind1=" " ind2=" ">
    <subfield code="2">ddc</subfield>
    <subfield code="c">KHB</subfield>
    <subfield code="n">0</subfield>
  </datafield>
  <datafield tag="999" ind1=" " ind2=" ">
    <subfield code="c">8082</subfield>
    <subfield code="d">8082</subfield>
  </datafield>
  <datafield tag="952" ind1=" " ind2=" ">
    <subfield code="0">0</subfield>
    <subfield code="1">0</subfield>
    <subfield code="2">ddc</subfield>
    <subfield code="4">0</subfield>
    <subfield code="7">0</subfield>
    <subfield code="8">KH</subfield>
    <subfield code="a">002</subfield>
    <subfield code="b">002</subfield>
    <subfield code="c">TTP Khmer</subfield>
    <subfield code="d">2025-08-21</subfield>
    <subfield code="l">0</subfield>
    <subfield code="o">SOM PZ7 </subfield>
    <subfield code="p">2025-4197</subfield>
    <subfield code="r">2025-08-21 15:45:37</subfield>
    <subfield code="t">1</subfield>
    <subfield code="w">2025-08-21</subfield>
    <subfield code="y">KHB</subfield>
  </datafield>
  <datafield tag="952" ind1=" " ind2=" ">
    <subfield code="0">0</subfield>
    <subfield code="1">0</subfield>
    <subfield code="2">ddc</subfield>
    <subfield code="4">0</subfield>
    <subfield code="7">0</subfield>
    <subfield code="8">KH</subfield>
    <subfield code="a">001</subfield>
    <subfield code="b">001</subfield>
    <subfield code="c">OKHR</subfield>
    <subfield code="d">2025-08-26</subfield>
    <subfield code="l">1</subfield>
    <subfield code="o">SOM 813 PZ7 </subfield>
    <subfield code="p">FISTK03647</subfield>
    <subfield code="r">2026-01-20 10:12:11</subfield>
    <subfield code="s">2026-01-13</subfield>
    <subfield code="t">2</subfield>
    <subfield code="w">2025-08-21</subfield>
    <subfield code="y">KHB</subfield>
  </datafield>
  <datafield tag="952" ind1=" " ind2=" ">
    <subfield code="0">0</subfield>
    <subfield code="1">0</subfield>
    <subfield code="2">ddc</subfield>
    <subfield code="4">0</subfield>
    <subfield code="7">0</subfield>
    <subfield code="8">KH</subfield>
    <subfield code="a">001</subfield>
    <subfield code="b">001</subfield>
    <subfield code="c">OKHR</subfield>
    <subfield code="d">2025-08-26</subfield>
    <subfield code="l">0</subfield>
    <subfield code="o">SOM 813 PZ7 </subfield>
    <subfield code="p">FISTK03648</subfield>
    <subfield code="r">2025-08-26 15:57:50</subfield>
    <subfield code="t">3</subfield>
    <subfield code="w">2025-08-21</subfield>
    <subfield code="y">KHB</subfield>
  </datafield>
  <datafield tag="952" ind1=" " ind2=" ">
    <subfield code="0">0</subfield>
    <subfield code="1">0</subfield>
    <subfield code="2">ddc</subfield>
    <subfield code="4">0</subfield>
    <subfield code="7">0</subfield>
    <subfield code="8">KH</subfield>
    <subfield code="a">002</subfield>
    <subfield code="b">002</subfield>
    <subfield code="c">TTP Khmer</subfield>
    <subfield code="d">2025-10-24</subfield>
    <subfield code="l">0</subfield>
    <subfield code="o">SOM PZ7 </subfield>
    <subfield code="p">FISBK03690</subfield>
    <subfield code="r">2025-10-24 14:52:50</subfield>
    <subfield code="t">4</subfield>
    <subfield code="w">2025-10-24</subfield>
    <subfield code="y">KHB</subfield>
  </datafield>
  <datafield tag="952" ind1=" " ind2=" ">
    <subfield code="0">0</subfield>
    <subfield code="1">0</subfield>
    <subfield code="2">ddc</subfield>
    <subfield code="4">0</subfield>
    <subfield code="7">0</subfield>
    <subfield code="8">KH</subfield>
    <subfield code="a">002</subfield>
    <subfield code="b">002</subfield>
    <subfield code="c">TTP Khmer</subfield>
    <subfield code="d">2025-11-21</subfield>
    <subfield code="l">0</subfield>
    <subfield code="o">SOM PZ7 </subfield>
    <subfield code="p">2025-4887</subfield>
    <subfield code="r">2025-11-21 15:01:53</subfield>
    <subfield code="t">5</subfield>
    <subfield code="w">2025-11-21</subfield>
    <subfield code="y">KHB</subfield>
  </datafield>
</record>
